Centro ecoturístico tesoro de Ometepe, construido a base de bambú, en la comunidad de san miguel, municipio de Altagracia en isla de Ometepe, departamento de Rivas
El trabajo monográfico es sobre potenciar el uso del bambú como material alternativo para la construcción mediante la propuesta de un centro ecoturístico en la isla de Ometepe, que permita desmontar las ventajas que este material realizando un diagnóstico del terreno para conocer sus potenciali...
| Main Authors: | , |
|---|---|
| Other Authors: | |
| Format: | Tesis Section = Libro |
| Language: | Undetermined Spanish |
| Published: |
Managua
UNI
2023
|
| Subjects: |
| LEADER | 01591nam a2200265Ia 4500 | ||
|---|---|---|---|
| 008 | 240830s9999 xx 000 0 und d | ||
| 040 | |a BIBLIOTECA-RUSB/ Mon 691 B732 | ||
| 041 | |a spa | ||
| 082 | |a Mon 691 B732 | ||
| 100 | 1 | |a Borgen Fuentes, Franco Alldair | |
| 100 | 1 | |b Castillo Mayorga, Krisler Jasmina | |
| 245 | 1 | 0 | |a Centro ecoturístico tesoro de Ometepe, construido a base de bambú, en la comunidad de san miguel, municipio de Altagracia en isla de Ometepe, departamento de Rivas |
| 260 | |a Managua |b UNI |c 2023 | ||
| 300 | |a 177 p. :il. | ||
| 500 | |a Contiene: anexos y CD. | ||
| 502 | |a Tesis (Arquitecto) - UNI, 2023. | ||
| 520 | 3 | |a El trabajo monográfico es sobre potenciar el uso del bambú como material alternativo para la construcción mediante la propuesta de un centro ecoturístico en la isla de Ometepe, que permita desmontar las ventajas que este material realizando un diagnóstico del terreno para conocer sus potencialidades y limitantes, con la finalidad de proponer un diseño que se adecue a las condiciones del sitio llevando a cabo un análisis formal, funcional y constructivo por medio del análisis de modelos análogos, normativos y conceptuales que hayan usado el bambú como principal material contractivo. | |
| 650 | 7 | |a MATERIALES DE CONSTRUCCIÓN - BAMBÚ | |
| 650 | 7 | |b DISEÑO ARQUITECTONICO – CENTRO ECOTURISTICO – TESORO DE OMETEPE | |
| 650 | 7 | |c CALIDAD – USO - SUELO | |
| 650 | 7 | |d ESTUDIO – MODELOS ANALOGOS | |
| 700 | 1 | |a Tutor: |b Zelaya González, Johanna del Carmen | |
| 942 | |c BK |2 ddc | ||
| 991 | |a TESIS | ||
| 999 | |c 27803 | ||